000 00268nam a2200097Ia 4500
082 _aETF PETE
245 0 _aDaniel Fox and the jester's legacy
100 _a PETERSEN, Andy Johannesburg, 2009
_976174
942 _cBK
008 210817s9999 xx 000 0 und d
999 _c252846
_d252845